000 00458nam a2200181Ia 4500
003 OSt
005 20230606202518.0
008 210423s2004 xx 000 0 und d
040 _cAL
041 _aeng
082 _a340
_223
_bNAIL
100 _aNAIKAR (Lohit D).
_9120351
245 _aLaw relating and human rights.
260 _aBangalore
_bPuffin Books
_c2004
365 _b695
_cINR
906 _ahuman ; Law ; relating ; rights.
942 _2ddc
_cBK
999 _c175927
_d175927